[Event "Hong Kong-ch prel"]
[Site "Hong Kong"]
[Date "2016.02.29"]
[Round "8"]
[White "Xu, Jiarong Gerald"]
[Black "Wong, Joseph Chun Him"]
[Result "1-0"]
[WhiteElo "1498"]
[BlackElo "1842"]
[PlyCount "87"]
[EventDate "2016.01.04"]
[EventType "swiss"]
[EventRounds "11"]
[EventCountry "HKG"]
[SourceTitle "EXT 2017"]
[Source "ChessBase"]
[SourceDate "2016.10.25"]
[SourceVersion "1"]
[SourceVersionDate "2016.10.25"]
[SourceQuality "1"]

1. e4 e6 2. d4 d5 3. Nc3 Nf6 4. e5 Nfd7 5. f4 c5 6. Nf3 Nc6 7. Be3 a6 8. a4 cxd4 9. Nxd4 Bc5 10. Be2 Qb6 11. a5 Qxb2 12. Na4 Bb4+ 13. Kf2 Qxa1 14. Qxa1 Nxa5 15. c3 Be7 16. Nb2 Bd8 17. Rc1 b5 18. Kg1 Bb7 19. Bf2 0-0 20. Bf1 Nc5 21. Qa3 Rc8 22. f5 Bb6 23. g3 Ne4 24. Be3 Nc4 25. Nxc4 dxc4 26. fxe6 fxe6 27. Bg2 Bc5 28. Qa2 Rcd8 29. Bxe4 Bxe4 30. Qxa6 Rf3 31. Re1 Rf7 32. Qxb5 Rd5 33. Qxc4 Rxe5 34. Bf2 h5 35. Qb3 Kh7 36. Qd1 Kg8 37. Be3 Rd5 38. Bf4 e5 39. Rxe4 exd4 40. cxd4 Rfd7 41. Be5 Rxe5 42. Rxe5 Rxd4 43. Qb3+ Rd5+ 44. Kg2 1-0

[Event "Hong Kong-ch prel"]
[Site "Hong Kong"]
[Date "2016.02.01"]
[Round "5"]
[White "Sarwate, Rohit"]
[Black "Wong, Joseph Chun Him"]
[Result "0-1"]
[WhiteElo "1617"]
[BlackElo "1842"]
[PlyCount "74"]
[EventDate "2016.01.04"]
[EventType "swiss"]
[EventRounds "11"]
[EventCountry "HKG"]
[SourceTitle "EXT 2017"]
[Source "ChessBase"]
[SourceDate "2016.10.25"]
[SourceVersion "1"]
[SourceVersionDate "2016.10.25"]
[SourceQuality "1"]

1. e4 c5 2. Nf3 e6 3. d4 cxd4 4. Nxd4 a6 5. Nc3 Qc7 6. Be2 Nf6 7. a3 b5 8. 0-0 Bb7 9. Qd3 d6 10. f4 Nbd7 11. Nb3 Be7 12. Bf3 0-0 13. Be3 Rfd8 14. Rfd1 Nc5 15. Nxc5 dxc5 16. Qe2 Rxd1+ 17. Rxd1 b4 18. axb4 cxb4 19. Na4 Bxe4 20. Bxe4 Nxe4 21. Nb6 Rd8 22. Ra1 Bc5 23. Nc4 Bxe3+ 24. Nxe3 Qxf4 25. Rf1 Qg5 26. Qf3 Qg6 27. Rd1 Rxd1+ 28. Qxd1 Qf6 29. h3 h6 30. Nc4 Qf2+ 31. Kh2 Qf4+ 32. Kg1 Ng3 33. Qd8+ Kh7 34. Qd3+ Nf5 35. c3 bxc3 36. bxc3 Qg3 37. Qc2 g6 0-1